Least Religious EU Countries - Statistics

General Stats
  • This quiz has been taken 362 times
    290 since last reset
  • The average score is 7 of 10
Answer Stats
% Not-so-Religious Country % Correct
18 Sweden
94%
33 Finland
90%
28 Denmark
86%
28 Netherlands
78%
37 Belgium
75%
18 Estonia
74%
16 Czech Republic
69%
27 France
67%
32 Slovenia
47%
36 Bulgaria
30%
No matching quizzes found
Score Distribution
Percent of People with Each Score
Percentile by Number Answered
Your Score History
You have not taken this quiz since the last reset